| 000 | 01587nam a22003497a 4500 | ||
|---|---|---|---|
| 999 |
_c264 _d264 |
||
| 001 | 002098 | ||
| 003 | CoMeUDC002098 | ||
| 005 | 20181129213305.0 | ||
| 008 | 140911s2012 at a gr 000 0 spa d | ||
| 020 | _a9780538453059 | ||
| 020 | _a9786075193717 | ||
| 040 |
_aCO-BoUEC _cCoMeUDC |
||
| 041 | 0 |
_aspa _heng |
|
| 082 | 0 | 4 |
_a330 _bM278p ej.3 _220 |
| 100 | 1 |
_aMankiw, N. Gregory, _d1958- |
|
| 245 | 1 | 0 |
_aPrincipios de economía / _cN. Gregory Mankiw ; traducción Ma. Guadalupe Meza y Staines, Ma. del Pilar Carril Villarreal ; revisión técnica Mercedes Muñoz. |
| 250 | _aSexta edición. | ||
| 260 |
_aAustralia : _bCengage Learning, _c2012. |
||
| 300 |
_axxix, 857 páginas : _bilustraciones ; _c27 cm. |
||
| 504 | _aIncluye bibliografía e índice. | ||
| 505 | 2 | _aIntroducción -- Cómo funcionan los mercados -- Los mercados y el bienestar -- La economía del sector público -- Conducta de la empresas y organización industrial -- La economía de los mercados de trabajo -- Los datos de la macroeconomía -- El dinero y los precios en el largo plazo -- La macroeconomía de las economías abiertas -- Fluctuaciones económicas a corto plazo -- Pensamientos finales. | |
| 650 | 1 | 4 | _aEconomía |
| 650 | 1 | 0 |
_aEconomía de mercado. _9505 |
| 650 | 1 | 0 |
_aMercado. _9504 |
| 650 | 1 | 0 |
_aMicroeconomía. _9503 |
| 650 | 1 | 4 | _aAnálisis económico |
| 650 | 1 | 4 | _aModelos económicos |
| 700 | 1 |
_aMeza y Staines, María Guadalupe, _etraductora. |
|
| 700 | 1 |
_aCarril Villarreal, María del Pilar, _etraductora. |
|
| 700 | 1 |
_aMuñoz, Mercedes, _erevisora técnica. |
|
| 942 |
_2ddc _cBK |
||